Jugoslavija, auto atlas /

Bibliographic Details
Corporate Author: Jugoslavenski leksikografski zavod
Other Authors: Mardešić, Petar
Format: Book
Language:Croatian
Multiple languages
Published: Zagreb : Jugoslavenski leksikografski zavod, [publisher not identified] ; 1973.
Edition:18. izd.
Subjects:

MARC

Tag First Indicator Second Indicator Subfields
LEADER 00000cam a2200000 a 4500
001 in00000084032
005 20151008055635.0
008 800408s1973 yu b 00010 scr d
035 |a (OCoLC)06179426 
035 |9 AAJ3995AM 
040 |a KKU  |c KKU  |d TXA  |d UtOrBLW 
041 0 |a scr  |a mul 
043 |a e-yu--- 
049 |a TXAM  |c [1501928] 
090 |a G2011.P2  |b Z25 1973 
110 2 |a Jugoslavenski leksikografski zavod. 
245 1 0 |a Jugoslavija, auto atlas /  |c urednik, Peter Mardesic ; redakcija Branko Sostaric inz. Bozidar Feldbauer inz. Franjo Mihelj ; tehnickiurednik Mario Sablic ; izradba geografskih karbata, Branimir Babic [and others]. 
250 |a 18. izd. 
264 1 |a Zagreb : Jugoslavenski leksikografski zavod,  |b [publisher not identified] ;  |c 1973. 
300 |a 103 pages in various pagings :  |b color maps ;  |c 24 cm. 
336 |a text  |b txt  |2 rdacontent 
337 |a unmediated  |b n  |2 rdamedia 
338 |a volume  |b nc  |2 rdacarrier 
500 |a Scale of principal maps 1:500,000. 
651 0 |a Yugoslavia  |v Maps. 
700 1 |a Mardešić, Petar. 
999 |a MARS 
999 f f |s 51aa6069-cd0a-3308-b4a2-7f85a1ea63bc  |i 08f9cd5a-1057-34bd-9a61-40ae6845bedc  |t 0 
952 f f |p ric  |a Texas A&M University  |b Rellis Campus  |c Joint Library Facility  |d Remote Storage  |t 0  |e G2011.P2 Z25 1973  |h Library of Congress classification  |i unmediated -- volume  |m A14806059957 
998 f f |a G2011.P2 Z25 1973  |t 0  |l Remote Storage